书目信息 |
| 题名: |
游侠纳斯列金与巴格达窃贼
|
|
| 作者: | 索洛维也夫 , Соловьев 著 ;赵增泉 译 | |
| 分册: | ||
| 出版信息: | 北京 世界知识出版社 1985 |
|
| 页数: | 352页 | |
| 开本: | 20cm | |
| 丛书名: | ||
| 单 册: | ||
| 中图分类: | I512.45 , I512.4 | |
| 科图分类: | ||
| 主题词: | 长篇小说--苏联--现代 , 文学 | |
| 电子资源: | ||
| ISBN: | 7-5012-0050-5 | |
| 000 | 01001nam0 2200301 45 | |
| 001 | 0185009034 | |
| 005 | 20040412152339.5 | |
| 010 | @dCNY2.95@a7-5012-0050-5 | |
| 100 | @a19901105d1985 em y0chiy0121 ea | |
| 101 | 1 | @achi@crus |
| 102 | @aCN@b110000 | |
| 105 | @ay z 000ay | |
| 106 | @ar | |
| 200 | 10 | @a游侠纳斯列金与巴格达窃贼@AYou Xia Na Si Lie Jin Yu Ba Ge Da Qie Zei@f(苏)索洛维也夫(Соловьев,Л.)著@g赵增泉等译 |
| 210 | @a北京@c世界知识出版社@d1985 | |
| 215 | @a352页@d20cm | |
| 300 | @a书名原文: Повесть о ходже насреддине | |
| 510 | 1 | @aПовесть о ходже насреддине@zrus |
| 606 | @a长篇小说@y苏联@z现代 | |
| 606 | 0 | @a文学 |
| 690 | @aI512.45@v3 | |
| 690 | @aI512.4 | |
| 701 | 1 | @a索洛维也夫@Asuo luo wei ye fu@bЛ.@4著 |
| 701 | A1 | @aСоловьев@bЛ.@4著 |
| 702 | 0 | @a赵增泉@Azhao zeng quan@4译 |
| 801 | 0 | @aCN@b深圳图书馆@c20040412 |
| 801 | 2 | @aCN@bNLC@c20040412 |
| 905 | @f5@b255382-386@f1@b216064@dI512.4@e391 | |
| 游侠纳斯列金与巴格达窃贼/(苏)索洛维也夫(Соловьев,Л.)著/赵增泉等译.-北京:世界知识出版社,1985 |
| 352页;20cm |
| 书名原文: Повесть о ходже насреддине |
| ISBN 7-5012-0050-5:CNY2.95 |
| ● |
| 相关链接 |
|
|
|
|
正题名:游侠纳斯列金与巴格达窃贼
索取号:I512.4/391
 
预约/预借
| 序号 | 登录号 | 条形码 | 馆藏地/架位号 | 状态 | 备注 |
| 1 | 0216064 | 000652653 | 密集书库/ [索取号:I512.4/391] | 在馆 | |
| 2 | 0216065 | 000652662 | 第一样本阅览室/ [索取号:I512.4/391] | 在馆 | |
| 3 | 0255382 | 000652671 | 密集书库/ [索取号:I512.4/391] | 在馆 | |
| 4 | 0255383 | 000652680 | 第二借阅区/ [索取号:I512.4/391] | 在馆 | |
| 5 | 0255384 | 000652699 | 密集书库/ [索取号:I512.4/391] | 在馆 | |
| 6 | 0255385 | 000652706 | 密集书库/ [索取号:I512.4/391] | 在馆 | |
| 7 | 0255386 | 000652715 | 密集书库/ [索取号:I512.4/391] | 在馆 |